Weltgeschichte und Heilsgeschehen : die theologischen Voraussetzungen der Geschichtsphilosophie /
Karl Löwith (1897-1973), filósofo alemán e historiador de la filosofía, discípulo de Heidegger y Husserl, analiza en la presente obra las implicaciones teológicas inmersas en los planteamientos de los filósofos de la historia que aborda. Parte del supuesto de que todo el pensamiento de Occidente sob...
Gorde:
| Egile nagusia: | |
|---|---|
| Formatua: | Liburua |
| Hizkuntza: | German |
| Argitaratua: |
Stuttgart, Alemania :
Kohlhammer,
1961, c1953
|
| Edizioa: | 4a edición |
| Saila: | (Urban-Bücher ;
2) |
| Gaiak: | |
| Etiketak: |
Etiketarik gabe, Izan zaitez lehena erregistro honi etiketa jartzen!
|
MARC
| LEADER | 00000nam^a2200000^a^4500 | ||
|---|---|---|---|
| 001 | 000275868 | ||
| 005 | 20250521000000.0 | ||
| 009 | 20260310111245.457 | ||
| 025 | |a Donación Jesús Vergara Aceves, 1 ejemplar | ||
| 037 | |a Acervo Xavier Clavigero | ||
| 041 | |a ALE | ||
| 082 | |a 901. |b LOW | ||
| 100 | |a Löwith, Karl |e (autor) | ||
| 240 | 1 | 4 | |a [El sentido de la historia] |
| 245 | 1 | 3 | |a Weltgeschichte und Heilsgeschehen : |b die theologischen Voraussetzungen der Geschichtsphilosophie / |c K. Löwith. |
| 250 | |a 4a edición | ||
| 264 | 4 | |a Stuttgart, Alemania : |b Kohlhammer, |c 1961, c1953 | |
| 300 | |a 231 p. | ||
| 336 | |a texto |b txt |2 rdacontenido | ||
| 337 | |a sin mediación |b n |2 rdamedio | ||
| 338 | |a volumen |b nc |2 rdasoporte | ||
| 440 | 1 | |a (Urban-Bücher ; |v 2) | |
| 520 | |a Karl Löwith (1897-1973), filósofo alemán e historiador de la filosofía, discípulo de Heidegger y Husserl, analiza en la presente obra las implicaciones teológicas inmersas en los planteamientos de los filósofos de la historia que aborda. Parte del supuesto de que todo el pensamiento de Occidente sobre la historia está moldeado, o bien en la concepción clásica del mundo, o bien en la fe cristiana en el reino de Dios. | ||
| 649 | |a XX | ||
| 650 | |a Teología - |x Tema Principal | ||
| 650 | |a Cristianismo | ||
| 650 | |a Religión | ||
| 650 | |a Historiografía | ||
| 650 | |a Historia - |x Filosofía - |x Tema Principal | ||
| 910 | |a Fondo Jesús Vergara Aceves S.J. | ||
| 920 | |a Impresos - Libros | ||
| 930 | |a Fondos Especiales | ||
| 905 | |a 119 | ||
| 901 | |a 0500160829 |b IT2 |c ESP |i D |u 20250521 | ||
| 902 | |a https://opac.biblio.iteso.mx/vufind/Record/000275868 | ||